000
00310nam a22001217a 4500
999
_c
8083
_d
8083
008
200706b ||||| |||| 00| 0 eng d
020
_a
9788193232989
082
_a
729
_b
CHR
100
_a
Christopher Charles Benninger
245
_a
Timeless Living Houses Under the Sun
260
_b
Border Books
942
_2
ddc